Resistance of steel plate girders cross section

Na minha lista:
Detalhes bibliográficos
Autor principal: Sidarchuk, Alena, 1986- (Author)
Outros Autores: Baláž, Ivan, 1948- (Thesis advisor)
Formato: Manuscrito Livro
Idioma:inglês
Publicado em: Bratislava : STU v Bratislave SvF, 2014
Assuntos:
Acesso em linha:VAIS
Tags: Adicionar Tag
Sem tags, seja o primeiro a adicionar uma tag!

MARC

LEADER 00000ntm a22000003a 4500
001 stu297523
005 20150617230308.7
008 140919s2014----xo------------------eng-d
040 |a STU  |b slo 
041 0 |a eng 
044 |a xo 
100 1 |a Sidarchuk, Alena,  |d 1986-  |4 aut  |u V  |T SvF Stavebná fakulta  |X 70227  |U V  |Y 10  |7 A000070227 
245 1 |a Resistance of steel plate girders cross section 
260 |a Bratislava :  |b STU v Bratislave SvF,  |c 2014 
650 7 |a stavebné inžinierstvo  |2 stusub 
650 7 |a axial force  |2 estusub 
650 7 |a resistance  |2 estusub 
700 1 |a Baláž, Ivan,  |d 1948-  |4 ths  |u V190  |U SvF Stavebná fakulta  |T SvF Katedra kovových a drevených konštrukcií  |X 1009  |U V190  |Y 21  |7 A000001009 
856 4 |a info a plný text  |u http://is.stuba.sk/zp/portal_zp.pl?podrobnosti=104177  |3 VAIS